| 000 | 01754nam a2200277Ia 4500 | ||
|---|---|---|---|
| 999 |
_c4611 _d4611 |
||
| 003 | OSt | ||
| 005 | 20200317121009.0 | ||
| 008 | 191128s1998 ck fr 000 0 spa d | ||
| 040 |
_aCO-JMCR _cCO-JMCR |
||
| 041 | 0 | _aspa | |
| 082 | 0 | 4 |
_a155.33 / _bQ58i |
| 100 | 1 |
_aQuevedo, Juan Oswaldo, _eautor _91515 |
|
| 245 | 1 | 0 |
_aIntimidades femeninas : _bno más mitos sobre la sexualidad, femeninas lo investigó para usted / _cJuan Oswaldo Quevedo ; [María Garzón Fontanal, revisora] |
| 250 | _aPrimera edición | ||
| 260 |
_aBogotá : _bImpacto Editores, _c1998 |
||
| 300 |
_a273 páginas ; _c21 cm. |
||
| 500 | _a"Todo lo que la mujer sabe, piensa y dice del llamado sexo fuerte"--Tapa | ||
| 500 | _a"Con un agradecimiento especial a los miles de lectores que adquirieron nuestra anterior obra: intimidades masculinas"--Portada | ||
| 505 | 0 | _aLa mujer en su papel de soltera -- "Sin comentarios" -- "La mujer y su papel de casada" -- "Desviaciones sexuales" | |
| 520 | _aSu inquietud está resuelta, femeninas lo investigó para usted. Que hizo, hace o haría por amor? Usted fue violada? Que zona de su cuerpo despierta deseo? Cuál ha sido el piropo más recordado? Humilla usted al hombre? Le asusta la idea de ser solterona? Qué es para usted un Gigoló? Fue víctima del alcanfor? Se siente utilizada por el hombre? Se siente rechazada por ser obesa? Es verdad que la menopausia es el adiós al sexo? Además nos habla de las desviaciones sexules. El fellatio, algo más que sexo oral. Cuidado con el narcisismo. | ||
| 650 | 1 | 4 |
_aMujeres _xconducta sexual _91516 |
| 650 | 1 | 4 |
_aSexo (Psicología) _xmujeres _91517 |
| 650 | 1 | 4 |
_aMitos en la sexualidad _xmujeres _91518 |
| 700 | 1 |
_aGarzón Fontanal, María, _erevisora _91623 |
|
| 942 |
_2ddc _cBK |
||